Nuevo diccionario etimológico Latín-Español y de las voces derivadas

保存先:
書誌詳細
第一著者: Segura Munguía, Santiago (著者)
フォーマット: 図書
言語:ラテン語
スペイン語
出版事項: Bilbao Universidad de Deusto 2013
版:5a. ed
主題:
タグ: タグ追加
タグなし, このレコードへの初めてのタグを付けませんか!

MARC

LEADER 00000cam a2200000 a 4500
001 UCC5390
003 CL-VaPUC
008 181005e20130000sp |||||||||||||||||lat|d
020 |a 9788474857542 
041 0 7 |a lat  |2 CL-VaPUC 
041 0 7 |a spa  |2 CL-VaPUC 
082 0 4 |a 473.61  |b SEG  |2 21 
100 0 |a Segura Munguía, Santiago  |e author  |9 599722 
245 1 0 |a Nuevo diccionario etimológico Latín-Español y de las voces derivadas 
250 |a 5a. ed 
300 |a 1251 p 
942 |c BK 
945 |d 20181005 11:02:00  |a dcastane 
260 |a Bilbao  |b Universidad de Deusto  |c 2013 
650 0 |a Diccionarios  |9 256200 
650 7 |a DICCIONARIOS LATIN-ESPAÑOL  |2 CL-VaPUC  |9 266780 
583 |a last modification  |c 20181005 11:02:00  |k Rodrigo Vera 
999 |c 372639  |d 372637 
952 |0 0  |1 0  |3 erd  |4 0  |6 473_610000000000000_SEG_2013  |7 0  |8 X  |9 490336  |a BIBTEO  |b BIBTEO  |i 5505283  |l 6  |o 473.61 SEG 2013  |p 5505283  |r 2025-01-17  |s 2025-01-13  |w 2019-11-24  |y BK_X  |z Catalogado en:20181005  |k ICR